000 00610nam a22001817a 4500
003 UA-OsUOA
001 10424
007 ta
008 20050120b un ||||| |||| 00| 0 ukr d
100 _aСташків Б.
942 _cSA
040 _aUA-OsUOA
_cUA-OsUOA
_dUA-OsUOA
245 _aСоціальне обслуговування у системі соціального забезпечення : правові питання
300 _aС.76-79
955 _a0
773 0 _w0
_tПраво України
_dКиїв
_d2005
_gN1
650 7 _aПраво соціального забезпечення
_2UDC
999 _c296585
_d296585